00801nam a2200229Ia 450000500170000000800410001702000150005804100080007308200200008124501140010125000220021530000500023765000410028765000360032865000350036470000200039926400290041933600270044833700330047533800280050804000350053620220316235609.0121119s2002 sp a grf 000 0 spa c a84494227010 aspa04aR 796.03 bG14M00aManual de educación física y deportes btécnicas y actividades prácticascOmar Galdón … [et al.]  aPrimera edición a607 páginasbilustracionesc25 cme1 CD-ROM14aEducación FísicavManuales2LEMB14aPlanificación deportiva2LEMB14aEntrenamiento atlético2LEMB1 aGaldón, Omar  aBarcelona bOceanoc2002 atextobtxt2rdacontent asin mediaciónbn2rdamedia avolumenbnc2rdacarrier aCO-BoRNBPbspaerdacCO-BoRNBP